[Event "Match Veneto-Baviera"]
[Site "Roncegno ITA"]
[Date "1989.09.02"]
[Round "1.1"]
[White "Egger, Thomas"]
[Black "Rosino, Antonio"]
[WhiteElo "2255"]
[BlackElo "2320"]
[Result "1/2-1/2"]
[PlyCount "69"]
[EventDate "1989.09.02"]

1. Nf3 Nf6 2. g3 g6 3. Bg2 Bg7 4. O-O d5 5. c4 O-O 6. cxd5 Nxd5 7. Nc3 e5 8. d4
exd4 9. Nxd4 Nxc3 10. bxc3 Nd7 11. Rb1 c6 12. Qc2 Qe7 13. e4 Nb6 14. Bb2 Nc4
15. Rfe1 c5 16. Ne2 Nxb2 17. Qxb2 b6 18. Nf4 Bb7 19. Qc2 c4 20. Nd5 Qc5 21.
Rbd1 Rad8 22. Ne3 b5 23. Rxd8 Rxd8 24. Rd1 Rxd1+ 25. Nxd1 b4 26. Bf1 bxc3 27.
Nxc3 Qb4 28. Nd5 Bxd5 29. exd5 c3 30. Be2 Qc5 31. Bd1 Qxd5 32. Qe2 Bd4 33. Bb3
Qf5 34. Kg2 Kg7 35. h3 1/2-1/2

[Event "Match Veneto-Baviera"]
[Site "Roncegno ITA"]
[Date "1989.09.02"]
[Round "1.2"]
[White "Castagnetta, Gianluca"]
[Black "Koepf, Ulrich"]
[WhiteElo "2305"]
[BlackElo "2260"]
[Result "1/2-1/2"]
[PlyCount "89"]
[EventDate "1989.09.02"]

1. d4 Nf6 2. Nf3 b6 3. g3 Bb7 4. Bg2 e6 5. O-O c5 6. c4 cxd4 7. Nxd4 Bxg2 8.
Kxg2 Be7 9. Nc3 Qc8 10. Qd3 a6 11. b3 O-O 12. Bb2 d6 13. Qf3 Ra7 14. Rfd1 Rc7
15. e4 Nbd7 16. Rd2 Qb7 17. Qe3 Rfc8 18. f3 h6 19. Rad1 Ne8 20. f4 Nef6 21. Qf3
Bf8 22. g4 g5 23. fxg5 hxg5 24. Nde2 Be7 25. h3 b5 26. Qe3 Rc5 27. cxb5 axb5
28. b4 Re5 29. Ng3 Nb6 30. Nf5 exf5 31. Qxg5+ Kf8 32. Qh6+ Ke8 33. Nd5 Nbxd5
34. Bxe5 dxe5 35. exd5 fxg4 36. hxg4 Nxg4 37. Qh8+ Kd7 38. Qh3 Rg8 39. Kf3 f5
40. Qh7 Rf8 41. Kg3 Qb6 42. d6 Qe3+ 43. Kg2 Qe4+ 44. Kg1 Qe3+ 45. Kg2 1/2-1/2

[Event "Match Veneto-Baviera"]
[Site "Roncegno ITA"]
[Date "1989.09.02"]
[Round "1.3"]
[White "Schulz, Klaus-Juergen"]
[Black "Santolini, Luigi"]
[WhiteElo "2350"]
[BlackElo "2235"]
[Result "0-1"]
[PlyCount "60"]
[EventDate "1989.09.02"]

1. e4 c6 2. d4 d5 3. Nc3 dxe4 4. Nxe4 Bf5 5. Ng3 Bg6 6. Nf3 Nd7 7. h4 h6 8. h5
Bh7 9. Bd3 Bxd3 10. Qxd3 e6 11. Bd2 Ngf6 12. O-O-O Be7 13. Kb1 O-O 14. Bf4 Qa5
15. c4 b5 16. Ne5 Nxe5 17. dxe5 bxc4 18. Qxc4 Nd5 19. Bd2 Qc7 20. Rhe1 Rab8 21.
Re2 Bb4 22. Bc1 Rfd8 23. Ka1 Bf8 24. Ree1 Rb4 25. Qc2 Rb5 26. Bd2 Rdb8 27. Rb1
Bb4 28. a3 Bxd2 29. Qxd2 Rb3 30. Ka2 Nc3+ 0-1

[Event "Match Veneto-Baviera"]
[Site "Roncegno ITA"]
[Date "1989.09.02"]
[Round "1.4"]
[White "Simoli, Sergio"]
[Black "Volf, Rudi"]
[WhiteElo "2225"]
[BlackElo "2040"]
[Result "0-1"]
[PlyCount "100"]
[EventDate "1989.09.02"]

1. e4 c5 2. Nf3 Nc6 3. d4 cxd4 4. Nxd4 e5 5. Nb5 a6 6. Nd6+ Bxd6 7. Qxd6 Qe7 8.
Qd1 b5 9. Nc3 Bb7 10. Nd5 Qd6 11. Bg5 Nd4 12. c3 Bxd5 13. exd5 Qg6 14. cxd4
Qxg5 15. Qe2 Nf6 16. Qxe5+ Qxe5+ 17. dxe5 Nxd5 18. Bd3 Nb4 19. Be4 Rc8 20. O-O
Ke7 21. Rfd1 Rc4 22. Bf5 Rd8 23. Rd2 g6 24. Bh3 Nxa2 25. g3 Nb4 26. f4 Rc6 27.
Re1 h5 28. Re4 Rc1+ 29. Kf2 Rc2 30. Rxc2 Nxc2 31. f5 Rc8 32. f6+ Kd8 33. Bf1
Rc5 34. Bd3 a5 35. Kf3 Nb4 36. Be2 Nc6 37. Kf4 a4 38. h4 Kc7 39. g4 hxg4 40.
Bxg4 Rc2 41. Re2 Rc4+ 42. Re4 Rc1 43. Be2 Kb6 44. h5 gxh5 45. Bxh5 Nd8 46. Re2
b4 47. Rd2 Kc7 48. Bd1 Ne6+ 49. Ke3 b3 50. Bh5 Re1+ 0-1

[Event "Match Veneto-Baviera"]
[Site "Roncegno ITA"]
[Date "1989.09.02"]
[Round "1.5"]
[White "Kerpf, Bernhard"]
[Black "Mora, Federico"]
[WhiteElo "2120"]
[BlackElo "2280"]
[Result "0-1"]
[PlyCount "56"]
[EventDate "1989.09.02"]

1. c4 c5 2. Nf3 Nf6 3. Nc3 d5 4. cxd5 Nxd5 5. e4 Nb4 6. Bc4 Be6 7. Bxe6 Nd3+ 8.
Kf1 fxe6 9. Ng5 Qd7 10. Qf3 Ne5 11. Qh3 Qd3+ 12. Qxd3 Nxd3 13. Nxe6 Kd7 14. Ng5
Nc6 15. Ke2 c4 16. Nf3 g5 17. h3 Bg7 18. Rb1 h5 19. Nxg5 Nd4+ 20. Kf1 Raf8 21.
Nd1 h4 22. b3 cxb3 23. Bb2 bxa2 24. Ra1 Nxb2 25. Nxb2 Rh5 26. Rxa2 Rxg5 27.
Rxa7 Rb5 28. Ra2 Rc8 0-1

[Event "Match Veneto-Baviera"]
[Site "Roncegno ITA"]
[Date "1989.09.02"]
[Round "1.7"]
[White "Unger, Michael"]
[Black "Perinelli, Paolo"]
[WhiteElo "2095"]
[BlackElo "2160"]
[Result "1/2-1/2"]
[PlyCount "93"]
[EventDate "1989.09.02"]

1. d4 Nf6 2. c4 d6 3. Nc3 Nbd7 4. Nf3 e5 5. e4 Be7 6. Be2 O-O 7. O-O Re8 8. d5
a5 9. Rb1 b6 10. a3 Nf8 11. Ne1 Ng6 12. Nd3 h6 13. b4 Nh7 14. Bg4 Bg5 15. Bxc8
Qxc8 16. c5 axb4 17. axb4 Rf8 18. Qh5 Qa6 19. Rd1 Qc4 20. Bxg5 Nxg5 21. Rbc1
bxc5 22. bxc5 Nxe4 23. Qg4 Nf4 24. Nxe4 Qxe4 25. Nxf4 exf4 26. cxd6 cxd6 27. g3
Ra4 28. Qxf4 Qxf4 29. gxf4 Rxf4 30. Rc6 Rd8 31. Kg2 Kf8 32. Kg3 Rf5 33. h4 Ke7
34. f4 g5 35. hxg5 hxg5 36. fxg5 Rxg5+ 37. Kf4 Re5 38. Ra6 Rd7 39. Rd4 Rc7 40.
Re4 f6 41. Rxe5+ fxe5+ 42. Kf5 Rb7 43. Ra4 Kd7 44. Rh4 Rc7 45. Rh7+ Kc8 46.
Rh8+ Kd7 47. Rh7+ 1/2-1/2

[Event "Match Veneto-Baviera"]
[Site "Roncegno ITA"]
[Date "1989.09.02"]
[Round "1.9"]
[White "Dengler, Peter"]
[Black "Fornari, Giuseppe"]
[WhiteElo "2125"]
[BlackElo "2115"]
[Result "1-0"]
[PlyCount "98"]
[EventDate "1989.09.02"]

1. e4 c5 2. Nf3 e6 3. d4 cxd4 4. Nxd4 Nc6 5. Nc3 a6 6. Nxc6 bxc6 7. Bd3 d6 8.
O-O Nf6 9. f4 Qc7 10. Qe2 e5 11. Kh1 Be7 12. Be3 Ng4 13. Bg1 exf4 14. Rxf4 Ne5
15. Bc4 Nxc4 16. Qxc4 Be6 17. Qd3 O-O 18. Raf1 Qa5 19. b3 Qh5 20. Ne2 d5 21.
exd5 Qxd5 22. Qc3 Bd6 23. Rd4 Qe5 24. Qd3 Bc7 25. Rh4 h6 26. Nd4 Qg5 27. Nxe6
fxe6 28. Rh3 Rxf1 29. Qxf1 Rf8 30. Rf3 Rxf3 31. Qxf3 Qd5 32. Qe2 a5 33. Qa6 Kh7
34. Qd3+ Kg8 35. Qg6 Qd7 36. h3 Qd6 37. c4 Kf8 38. Qh5 Kg8 39. a4 Qe5 40. Qe8+
Kh7 41. Qxc6 Bb8 42. Qb5 Qc7 43. Qc5 Qd8 44. Qb6 Bc7 45. Qxe6 Qd3 46. c5 Bg3
47. c6 Qc3 48. Qe3 Qxe3 49. Bxe3 Bc7 1-0

[Event "Match Veneto-Baviera"]
[Site "Roncegno ITA"]
[Date "1989.09.02"]
[Round "1.12"]
[White "Fabris, Alberto"]
[Black "Suren, Peter"]
[WhiteElo "2075"]
[BlackElo "2055"]
[Result "1-0"]
[PlyCount "90"]
[EventDate "1989.09.02"]

1. d4 Nc6 2. Nf3 d5 3. g3 Bf5 4. Bg2 Qd7 5. O-O Bh3 6. c4 Bxg2 7. Kxg2 e6 8.
Nc3 h5 9. h4 Nf6 10. cxd5 exd5 11. Ne5 Nxe5 12. dxe5 Ng4 13. Qd4 c6 14. Bf4 Be7
15. Rad1 Qe6 16. e4 dxe4 17. Nxe4 O-O 18. Rfe1 b6 19. f3 Rad8 20. Qc3 Nh6 21.
Nf6+ gxf6 22. Bxh6 Rfe8 23. exf6 Qxf6 24. Rxe7 Qxh6 25. Rdd7 Qg6 26. Qe5 Rf8
27. Rxf7 Rxd7 28. Rxd7 Rxf3 29. Kxf3 Qg4+ 30. Kg2 Qxd7 31. Qxh5 Qd2+ 32. Kh3
Qxb2 33. Qe8+ Kg7 34. Qd7+ Kf8 35. Qc8+ Kg7 36. Qb7+ Kf8 37. Qb8+ Kg7 38. Qxa7+
Kg6 39. Qd7 Qc1 40. Qg4+ Kf6 41. Qf4+ Qxf4 42. gxf4 Kf5 43. Kg3 b5 44. Kf3 c5
45. h5 c4 1-0

[Event "Match Veneto-Baviera"]
[Site "Roncegno ITA"]
[Date "1989.09.02"]
[Round "1.13"]
[White "Enigl, Karl"]
[Black "Privitera, Franco"]
[WhiteElo "2205"]
[BlackElo "2070"]
[Result "1-0"]
[PlyCount "86"]
[EventDate "1989.09.02"]

1. c4 e6 2. Nf3 Nf6 3. g3 d5 4. d4 Be7 5. Bg2 c5 6. O-O Nc6 7. cxd5 exd5 8. Nc3
O-O 9. Bg5 cxd4 10. Nxd4 h6 11. Be3 Re8 12. Rc1 Bf8 13. Nb3 Be6 14. Na4 Ne5 15.
Bc5 Nc4 16. Bxf8 Rxf8 17. Nd4 b5 18. Nc5 Qb6 19. Ncxe6 fxe6 20. b3 Rad8 21. e3
e5 22. bxc4 dxc4 23. Qc2 exd4 24. exd4 Rxd4 25. Rcd1 Rfd8 26. Rxd4 Rxd4 27. Bf3
Rd3 28. Qe2 Qd6 29. Bg2 c3 30. Bh3 Rd2 31. Qf3 c2 32. Qa8+ Qd8 33. Be6+ Kh8 34.
Qxd8+ Rxd8 35. Bb3 Rd2 36. Kg2 Ng4 37. Rc1 Rxf2+ 38. Kg1 Rxh2 39. Bxc2 Rxc2 40.
Rxc2 Ne3 41. Rc8+ Kh7 42. Ra8 Nf5 43. Rxa7 Kg6 1-0

[Event "Match Veneto-Baviera"]
[Site "Roncegno ITA"]
[Date "1989.09.02"]
[Round "1.14"]
[White "Govoni, Fausto"]
[Black "Kuempers, Ulrich"]
[WhiteElo "2045"]
[BlackElo "2020"]
[Result "1/2-1/2"]
[PlyCount "59"]
[EventDate "1989.09.02"]

1. e4 c6 2. d4 d5 3. Nc3 dxe4 4. Nxe4 Nd7 5. Qe2 e6 6. Bg5 Ngf6 7. Nf3 Be7 8.
Bxf6 Nxf6 9. O-O-O Nxe4 10. Qxe4 Qd5 11. Qg4 Bf6 12. c4 Qa5 13. Kb1 O-O 14. Qf4
Rd8 15. Bd3 c5 16. Ng5 h6 17. Bh7+ Kf8 18. Ne4 Bxd4 19. Bg6 Rd7 20. Bh5 Qc7 21.
Qf3 Kg8 22. g4 Qe5 23. h4 g6 24. g5 Qf5 25. gxh6 Qxh5 26. Qxh5 gxh5 27. Rhg1+
Kh7 28. Rxd4 Rxd4 29. Nf6+ Kxh6 30. Ng8+ 1/2-1/2

[Event "Match Veneto-Baviera"]
[Site "Roncegno ITA"]
[Date "1989.09.02"]
[Round "1.15"]
[White "Haberl, Gerald"]
[Black "Pasqualin, Giorgio"]
[WhiteElo "2020"]
[BlackElo "2065"]
[Result "1/2-1/2"]
[PlyCount "101"]
[EventDate "1989.09.02"]

1. e4 c5 2. Nf3 Nc6 3. d4 cxd4 4. Nxd4 Nf6 5. Nc3 d6 6. Bb5 Bd7 7. O-O g6 8.
Be3 Bg7 9. f3 O-O 10. Qd2 Ne5 11. Be2 Rc8 12. Rac1 Nc4 13. Bxc4 Rxc4 14. Nce2
b5 15. g4 a5 16. Qd3 Qb8 17. b3 Rc7 18. c4 bxc4 19. Rxc4 Rxc4 20. bxc4 Rc8 21.
Nb5 Be6 22. Rc1 Nd7 23. Nf4 Ne5 24. Qb1 Nxf3+ 25. Kf2 Ne5 26. Nxe6 fxe6 27. h3
Rxc4 28. Rxc4 Qf8+ 29. Ke1 Nxc4 30. Qb3 Nxe3 31. Qxe3 Qf6 32. Qb3 Qa1+ 33. Kd2
Qb2+ 34. Qxb2 Bxb2 35. a4 Kf7 36. Na7 Bd4 37. Nc6 Bb6 38. Kd3 d5 39. Ne5+ Ke8
40. Nf3 h6 41. g5 hxg5 42. Nxg5 Kd7 43. Nf7 Bc7 44. Kd4 Kc6 45. Nh8 g5 46. Nf7
Bf4 47. Nd8+ Kd7 48. Nb7 Bd2 49. Nc5+ Kc6 50. Nxe6 dxe4 51. Kxe4 1/2-1/2

[Event "Match Veneto-Baviera"]
[Site "Roncegno ITA"]
[Date "1989.09.02"]
[Round "1.16"]
[White "Bellemo, Luca"]
[Black "Schoelmann, Jochen"]
[WhiteElo "2041"]
[BlackElo "2000"]
[Result "0-1"]
[PlyCount "66"]
[EventDate "1989.09.02"]

1. f4 e5 2. fxe5 d6 3. exd6 Bxd6 4. Nf3 g5 5. g3 h5 6. d4 g4 7. Nh4 Be7 8. Ng2
Bf5 9. Bf4 Nf6 10. c3 c5 11. e3 Nc6 12. Nd2 Qd7 13. Qb3 Ne4 14. Nxe4 Bxe4 15.
O-O-O O-O-O 16. Rg1 Bd5 17. Qa4 Qe6 18. e4 Bxe4 19. Bc4 Qg6 20. d5 Nb8 21. Qxa7
Bd6 22. Bxd6 Qxd6 23. Nf4 Rh6 24. Rge1 Re8 25. Bb5 Re5 26. c4 Qc7 27. d6 Rxd6
28. Rxd6 Qxd6 29. Rd1 Qf6 30. Nd5 Bxd5 31. Rxd5 Qg5+ 32. Kb1 Rxd5 33. cxd5 Qxd5
0-1

[Event "Match Veneto-Baviera"]
[Site "Roncegno ITA"]
[Date "1989.09.02"]
[Round "1.17"]
[White "Kuehn, Manfred"]
[Black "Marchiori, Diego"]
[WhiteElo "2270"]
[BlackElo "2035"]
[Result "0-1"]
[PlyCount "100"]
[EventDate "1989.09.02"]

1. e4 Nf6 2. e5 Nd5 3. d4 d6 4. Nf3 Bg4 5. Be2 e6 6. O-O Be7 7. c4 Nb6 8. exd6
cxd6 9. Be3 O-O 10. Nbd2 Nc6 11. Rc1 d5 12. c5 Nc8 13. Qa4 f5 14. Bf4 g5 15.
Bb5 Nb6 16. Qb3 Na5 17. Qe3 gxf4 18. Qxe6+ Kg7 19. cxb6 axb6 20. Qe5+ Bf6 21.
Rc7+ Rf7 22. Rxf7+ Kxf7 23. Qxf4 Nc6 24. h3 Bxf3 25. Nxf3 Ne7 26. Re1 Rxa2 27.
Qh6 Qg8 28. Bd7 Qg6 29. Be6+ Ke8 30. Qf4 Kf8 31. Qd6 Rxb2 32. Ne5 Bxe5 33. Qd8+
Qe8 34. Qxe8+ Kxe8 35. Rxe5 Rd2 36. Bxf5 h6 37. Be6 Rxd4 38. Rh5 Kf8 39. Rxh6
Kg7 40. Rh5 Rd1+ 41. Kh2 b5 42. g4 b4 43. Re5 Kf6 44. f4 b3 45. g5+ Kg6 46. Re2
Rc1 47. Kg3 Rc2 48. Re3 b2 49. Rb3 Rc3+ 50. Kg4 Rxb3 0-1

[Event "Match Veneto-Baviera"]
[Site "Roncegno ITA"]
[Date "1989.09.02"]
[Round "1.18"]
[White "Caruso, Augusto"]
[Black "Kania, Andreas"]
[WhiteElo "2010"]
[BlackElo "1965"]
[Result "1-0"]
[PlyCount "69"]
[EventDate "1989.09.02"]

1. e4 e6 2. d4 d5 3. Nd2 Nf6 4. e5 Nfd7 5. Bd3 c5 6. c3 Nc6 7. Ne2 cxd4 8. cxd4
f6 9. f4 fxe5 10. fxe5 Nxd4 11. O-O Nxe5 12. Nxd4 Nxd3 13. Qe2 Nxc1 14. Raxc1
Qb6 15. Qh5+ Kd8 16. Qg5+ Ke8 17. Qh5+ Kd8 18. Qg5+ Ke8 19. N2b3 Bd7 20. Kh1
Rc8 21. Rce1 Be7 22. Qxg7 Rf8 23. Rxf8+ Bxf8 24. Qxh7 Rc4 25. Qg6+ Ke7 26. Rf1
Rc8 27. Rf7+ Ke8 28. Rf6+ Ke7 29. Qf7+ Kd6 30. Nxe6 Be7 31. Nf4+ Bxf6 32. Qxf6+
Kc7 33. Nxd5+ Kb8 34. Nxb6 axb6 35. Qd6+ 1-0

[Event "Match Veneto-Baviera"]
[Site "Roncegno ITA"]
[Date "1989.09.02"]
[Round "1.19"]
[White "Ralf, Gerd"]
[Black "Pini, Loris"]
[WhiteElo "1935"]
[BlackElo "2000"]
[Result "0-1"]
[PlyCount "66"]
[EventDate "1989.09.02"]

1. c4 g6 2. d4 Bg7 3. g3 d6 4. Bg2 f5 5. Nf3 Nf6 6. O-O O-O 7. Nc3 Qe8 8. Nd5
Na6 9. Bg5 Nxd5 10. cxd5 h6 11. Bd2 Bd7 12. Qb3 Rb8 13. Rfe1 g5 14. Bc3 f4 15.
Nd2 Kh8 16. e3 fxg3 17. fxg3 Ba4 18. Qc4 b5 19. Qe2 b4 20. Qxa6 bxc3 21. bxc3
Rb2 22. Qd3 Bc2 23. Qe2 Bg6 24. e4 Qa4 25. Qd1 Bxd4+ 26. Kh1 Qxd1 27. Rexd1
Bxc3 28. Nc4 Rxg2 29. Kxg2 Bxe4+ 30. Kg1 Bxa1 31. Rxa1 Bxd5 32. Ne3 Be4 33. Re1
d5 0-1

[Event "Match Veneto-Baviera"]
[Site "Roncegno ITA"]
[Date "1989.09.03"]
[Round "2.1"]
[White "Rosino, Antonio"]
[Black "Egger, Thomas"]
[WhiteElo "2320"]
[BlackElo "2255"]
[Result "1-0"]
[PlyCount "115"]
[EventDate "1989.09.02"]

1. e4 e6 2. d4 d5 3. Nc3 Bb4 4. e5 c5 5. a3 Bxc3+ 6. bxc3 Ne7 7. Qg4 Qc7 8.
Qxg7 Rg8 9. Qxh7 cxd4 10. Ne2 dxc3 11. f4 Nd7 12. Be3 Nc5 13. Bxc5 Qxc5 14. Qd3
Bd7 15. Qxc3 Qxc3+ 16. Nxc3 Rc8 17. Kd2 Nf5 18. Rb1 Rc7 19. Nb5 Bxb5 20. Bxb5+
Ke7 21. g3 Rgc8 22. Bd3 f6 23. g4 fxe5 24. gxf5 e4 25. fxe6 exd3 26. cxd3 Kxe6
27. Ke3 b6 28. h4 Kf5 29. Rbg1 d4+ 30. Kxd4 Rd7+ 31. Ke3 Re8+ 32. Kd2 Kxf4 33.
h5 Re6 34. h6 Rh7 35. Rg7 Rhxh6 36. Rxh6 Rxh6 37. Rxa7 Ke5 38. Rd7 Rc6 39. a4
b5 40. axb5 Rb6 41. Rh7 Kd4 42. Rh4+ Kc5 43. Kc3 Rg6 44. Rh5+ Kb6 45. Kc4 Rg4+
46. d4 Rg6 47. Rh1 Rg5 48. Rh6+ Kc7 49. Ra6 Rh5 50. Rc6+ Kb7 51. d5 Rh1 52. Kc5
Rc1+ 53. Kd6 Rb1 54. Rc2 Rxb5 55. Rh2 Rb1 56. Kd7 Rb3 57. d6 Rb1 58. Rc2 1-0

[Event "Match Veneto-Baviera"]
[Site "Roncegno ITA"]
[Date "1989.09.03"]
[Round "2.2"]
[White "Koepf, Ulrich"]
[Black "Castagnetta, Gianluca"]
[WhiteElo "2260"]
[BlackElo "2305"]
[Result "0-1"]
[PlyCount "79"]
[EventDate "1989.09.02"]

1. Nf3 d5 2. c4 e6 3. g3 Nf6 4. Bg2 Be7 5. O-O O-O 6. d4 b6 7. cxd5 exd5 8. Nc3
Bb7 9. Qc2 c5 10. Rd1 Nc6 11. Bg5 Nb4 12. Qf5 g6 13. Qb1 c4 14. Ne5 Rc8 15. h4
Kg7 16. Qc1 Ng8 17. Bf4 f6 18. Ng4 Bd6 19. Bh6+ Nxh6 20. Qxh6+ Kh8 21. Ne3 Re8
22. a3 Na6 23. Nexd5 Bxd5 24. Bxd5 Qd7 25. Bg2 b5 26. e4 Nc7 27. h5 Qg7 28.
Qxg7+ Kxg7 29. hxg6 hxg6 30. f4 a5 31. e5 fxe5 32. fxe5 Bf8 33. Bc6 b4 34. axb4
axb4 35. Ne4 Red8 36. d5 Ne6 37. Ra7+ Kh6 38. Kg2 g5 39. Rc1 Nc5 40. Rxc4 0-1

[Event "Match Veneto-Baviera"]
[Site "Roncegno ITA"]
[Date "1989.09.03"]
[Round "2.3"]
[White "Santolini, Luigi"]
[Black "Schulz, Klaus-Juergen"]
[WhiteElo "2235"]
[BlackElo "2350"]
[Result "1/2-1/2"]
[PlyCount "54"]
[EventDate "1989.09.02"]

1. d4 Nf6 2. c4 e6 3. Nf3 Bb4+ 4. Nbd2 Qe7 5. g3 O-O 6. Bg2 d6 7. a3 Bxd2+ 8.
Bxd2 Nc6 9. Qc2 e5 10. d5 Nd8 11. e4 Ne8 12. O-O g6 13. Bh6 Ng7 14. Rac1 c5 15.
dxc6 Nxc6 16. h3 Be6 17. Rfd1 Rac8 18. c5 dxc5 19. Qxc5 Qxc5 20. Rxc5 f6 21.
Bf1 Rfd8 22. Rdc1 Ne7 23. Rxc8 Rxc8 24. Rxc8+ Nxc8 25. Be3 Ne8 26. Nd2 Ned6 27.
h4 b6 1/2-1/2

[Event "Match Veneto-Baviera"]
[Site "Roncegno ITA"]
[Date "1989.09.03"]
[Round "2.10"]
[White "Raedler, Walter"]
[Black "Sgaravatti, Francesco"]
[WhiteElo "2080"]
[BlackElo "2085"]
[Result "0-1"]
[PlyCount "90"]
[EventDate "1989.09.02"]

1. g3 e5 2. Bg2 d5 3. d3 c6 4. Nf3 Bd6 5. O-O Nf6 6. c4 O-O 7. a3 Re8 8. b4 a5
9. b5 e4 10. Ne1 Be5 11. d4 dxc4 12. Nc2 Bc7 13. Nc3 h6 14. a4 Nd5 15. Nxd5
cxd5 16. Be3 Be6 17. Qd2 Nd7 18. Bf4 Nb6 19. Bxc7 Qxc7 20. Qf4 Qxf4 21. gxf4 g5
22. fxg5 hxg5 23. Ra3 f6 24. Rfa1 Kg7 25. Bh3 Bxh3 26. Rxh3 Rh8 27. Rxh8 Rxh8
28. Ra3 f5 29. Kg2 Kf6 30. Ne3 g4 31. Nd1 f4 32. Kg1 Kf5 33. e3 Rh3 34. Kg2 Rh7
35. Nc3 Rh3 36. Nd1 Rf3 37. Kg1 Rh3 38. Kg2 Rh7 39. Nc3 Rh8 40. Nd1 Rh3 41. Kg1
Nc8 42. Ra2 Ne7 43. Rb2 b6 44. Re2 Ng6 45. Nc3 Ke6 0-1

[Event "Match Veneto-Baviera"]
[Site "Roncegno ITA"]
[Date "1989.09.03"]
[Round "2.12"]
[White "Suren, Peter"]
[Black "Fabris, Alberto"]
[WhiteElo "2055"]
[BlackElo "2075"]
[Result "0-1"]
[PlyCount "98"]
[EventDate "1989.09.02"]

1. b3 e5 2. Bb2 Nc6 3. e4 Nf6 4. Nc3 Bc5 5. Bd3 a6 6. Qe2 Nd4 7. Qf1 O-O 8.
O-O-O b5 9. f4 d6 10. Re1 c6 11. Nf3 Re8 12. f5 a5 13. h4 a4 14. Nb1 axb3 15.
axb3 Bd7 16. Rh3 Ra2 17. Rg3 Qa5 18. Nxd4 exd4 19. Qf4 Nh5 20. Qg5 Nxg3 21. f6
g6 22. Qxg3 Re5 23. c3 Rxb2 24. Kxb2 dxc3+ 25. dxc3 b4 26. Bc4 bxc3+ 27. Qxc3
Qxc3+ 28. Kxc3 d5 29. Bd3 Bf2 30. Rf1 Bxh4 31. Kd4 Re6 32. exd5 Bxf6+ 33. Kc5
Be7+ 34. Kd4 cxd5 35. Nd2 Bc6 36. Nf3 Kg7 37. Rb1 Bb7 38. b4 Bf6+ 39. Kc5 Rc6+
40. Kb5 Rc3 41. Kb6 Rxd3 42. Kxb7 g5 43. b5 g4 44. Ne1 Re3 45. Kc6 Bh4 46. Nc2
Rc3+ 47. Kxd5 Rxc2 48. g3 Bxg3 49. Rg1 Rc3 0-1